[Event "4NCL/Div2/WRO vs. 3CS2"]
[Site "West Bromwich ENG"]
[Date "2004.05.23"]
[Round "11.4"]
[White "Martin, Katie"]
[Black "Burnett, Jim"]
[Result "0-1"]
[WhiteElo "1993"]
[BlackElo "2205"]
[PlyCount "96"]
[EventDate "2004.05.23"]

1. e4 d5 2. exd5 Qxd5 3. Nf3 Nf6 4. Be2 Bg4 5. d4 c6 6. h3 Bh5 7. O-O e6 8. c4
Qa5 9. Nc3 Nbd7 10. a3 Be7 11. Bf4 O-O 12. Qc2 a6 13. Rfd1 b5 14. d5 cxd5 15.
cxd5 exd5 16. Nxd5 Nxd5 17. Rxd5 Rac8 18. Qd2 Qxd2 19. Rxd2 Nb6 20. g4 Bg6 21.
Ne5 Be4 22. Be3 Nd5 23. Rd4 Nxe3 24. Rxe4 Nd5 25. Rd1 Nf6 26. Red4 Bc5 27. Nd7
Bxd4 28. Nxf8 Bxb2 29. Nd7 Ne8 30. a4 bxa4 31. Nb6 Rc1 32. Rxc1 Bxc1 33. Nxa4
a5 34. Kf1 Kf8 35. Bd1 Ke7 36. Ke2 Kd6 37. Kd3 Ba3 38. Kc4 Bb4 39. Nb6 Ke5 40.
Kb5 Nd6+ 41. Ka4 Ne4 42. f4+ Kxf4 43. Nd5+ Kg3 44. Nxb4 axb4 45. Kxb4 Kxh3 46.
Kc4 Nf2 47. Bc2 h6 48. Kd5 Kxg4 0-1

[Event "4NCL/Div2/WRO vs. 3CS2"]
[Site "West Bromwich ENG"]
[Date "2004.05.23"]
[Round "11.5"]
[White "Barrett, Steve J"]
[Black "English, Ray"]
[Result "0-1"]
[WhiteElo "2146"]
[BlackElo "1920"]
[PlyCount "98"]
[EventDate "2004.05.23"]

1. d4 Nf6 2. c4 c5 3. d5 e5 4. Nc3 d6 5. e4 Be7 6. Bd3 O-O 7. Nf3 Nbd7 8. Qe2
a6 9. a4 Ne8 10. h3 g6 11. Bh6 Ng7 12. g4 Kh8 13. O-O-O Nf6 14. Rdg1 Ng8 15.
Be3 b5 16. cxb5 axb5 17. Bxb5 f5 18. gxf5 gxf5 19. exf5 Nxf5 20. Nd2 Nf6 21.
Bc6 Rb8 22. Nc4 Nd4 23. Bxd4 cxd4 24. Nb5 e4 25. Nxd4 Rb4 26. Nc2 Rb3 27. Rg3
Rxg3 28. fxg3 Rg8 29. g4 Qf8 30. N2e3 Qh6 31. Rh2 Nd7 32. b4 Bf6 33. Nxd6 Ne5
34. Kb1 Qf8 35. Nec4 Nxc4 36. Nxc4 Qxb4+ 37. Nb2 Be5 38. Qd2 Qb6 39. Re2 Ba6
40. Rxe4 Bd3+ 41. Ka2 Bxe4 42. Nc4 Qb1+ 43. Ka3 Bc2 44. Qe3 Qa1+ 45. Kb4 Bd4
46. Qg3 Ra8 47. Na3 Qb2+ 48. Kc4 Be5 49. Qe3 Rb8 0-1

[Event "4NCL/Div2/WRO vs. 3CS2"]
[Site "West Bromwich ENG"]
[Date "2004.05.23"]
[Round "11.6"]
[White "Wright, Jason"]
[Black "Cumbers, Paul"]
[Result "0-1"]
[WhiteElo "1520"]
[BlackElo "2108"]
[PlyCount "36"]
[EventDate "2004.05.23"]

1. e4 e6 2. Nf3 d5 3. Nc3 Nf6 4. e5 Nfd7 5. d4 c5 6. dxc5 Nc6 7. Bf4 Bxc5 8.
Bd3 f6 9. exf6 Nxf6 10. O-O O-O 11. Ne5 Bd7 12. Re1 Nxe5 13. Bxe5 Bxf2+ 14.
Kxf2 Ne4+ 15. Ke3 d4+ 16. Kxd4 Qb6+ 17. Kxe4 Bc6+ 18. Nd5 exd5# 0-1

[Event "4NCL/Div2/WRO vs. 3CS2"]
[Site "West Bromwich ENG"]
[Date "2004.05.23"]
[Round "11.7"]
[White "van Kemenade, Rudy"]
[Black "Glover, Richard"]
[Result "0-1"]
[WhiteElo "2126"]
[BlackElo "1496"]
[PlyCount "96"]
[EventDate "2004.05.23"]

1. e4 d5 2. exd5 Qxd5 3. Nc3 Qa5 4. Bc4 Nf6 5. Nf3 Bg4 6. h3 Bh5 7. g4 Bg6 8.
d3 c6 9. Bd2 Qc7 10. Qe2 Nbd7 11. Ng5 h6 12. Nge4 O-O-O 13. f4 e6 14. O-O-O Bb4
15. Nxf6 Nxf6 16. Qf2 Qa5 17. a3 Bc5 18. Qf3 Qc7 19. Ne4 Bd4 20. c3 Bxe4 21.
dxe4 Bc5 22. h4 Qa5 23. g5 Nd7 24. Ba2 Nb6 25. g6 fxg6 26. Bxe6+ Kb8 27. Bb3
Qb5 28. Kc2 a5 29. a4 Nxa4 30. c4 Qa6 31. Ra1 Nxb2 32. Qe2 a4 33. Kxb2 Bd4+ 34.
Bc3 a3+ 35. Kc2 Bxc3 36. Kxc3 Qa5+ 37. Kc2 Rhe8 38. Qe1 Qc5 39. Rh3 Rxe4 40.
Qf1 Red4 41. Kc1 Qb4 42. Ra2 Rd2 43. Qe1 Rc2+ 44. Kxc2 Qxe1 45. Rh2 Rd1 46.
Rxa3 Rc1+ 47. Kb2 Qc3+ 48. Ka2 Qa1# 0-1

[Event "4NCL/Div2/WRO vs. 3CS2"]
[Site "West Bromwich ENG"]
[Date "2004.05.23"]
[Round "11.8"]
[White "Compston, Michael"]
[Black "van Kemenade, Julie"]
[Result "0-1"]
[WhiteElo "1400"]
[BlackElo "1680"]
[PlyCount "48"]
[EventDate "2004.05.23"]

1. e4 d6 2. d4 Nf6 3. Nc3 g6 4. Nf3 Bg7 5. Be2 O-O 6. O-O Nbd7 7. h3 e5 8. Be3
c6 9. a4 Qe7 10. Qd3 Kh8 11. Nd2 Ne8 12. d5 f5 13. Nc4 f4 14. Bd2 Ndf6 15. Na5
c5 16. Kh1 g5 17. Qb5 g4 18. hxg4 Nxg4 19. Bxg4 Bxg4 20. Qxb7 Qh4+ 21. Kg1 f3
22. Rfc1 fxg2 23. f3 Qh1+ 24. Kf2 Rxf3+ 0-1

[Event "4NCL/Div2/MMNWE2 vs. MIN1"]
[Site "West Bromwich ENG"]
[Date "2004.05.23"]
[Round "11.1"]
[White "Hague, Ben"]
[Black "Lalic, Susan K"]
[Result "1/2-1/2"]
[WhiteElo "2227"]
[BlackElo "2372"]
[PlyCount "34"]
[EventDate "2004.05.23"]

1. e4 e6 2. d4 d5 3. Nc3 Bb4 4. e5 c5 5. a3 Bxc3+ 6. bxc3 Qa5 7. Bd2 Qa4 8. Qg4
g6 9. Qd1 b6 10. h4 h6 11. c4 Nc6 12. Nf3 Nge7 13. cxd5 exd5 14. dxc5 bxc5 15.
Be2 Bf5 16. O-O Kf8 17. Qc1 Kg7 1/2-1/2

[Event "4NCL/Div2/MMNWE2 vs. MIN1"]
[Site "West Bromwich ENG"]
[Date "2004.05.23"]
[Round "11.2"]
[White "McFarland, Robert S"]
[Black "Charleshouse, Glenn L"]
[Result "1-0"]
[WhiteElo "2268"]
[BlackElo "2240"]
[PlyCount "123"]
[EventDate "2004.05.23"]

1. Nf3 e6 2. g3 b6 3. Bg2 Bb7 4. c4 Nf6 5. Nc3 Be7 6. O-O c5 7. Re1 d6 8. e4
Nbd7 9. d4 cxd4 10. Nxd4 Qc7 11. b3 a6 12. Bb2 O-O 13. Rc1 Rfe8 14. h3 Rad8 15.
Qd2 Bf8 16. Kh2 Qb8 17. Re2 Qa8 18. Rce1 g6 19. Qc2 Rc8 20. Qd2 Rcd8 21. Rd1
Qb8 22. Rde1 Ba8 23. Qc2 Rc8 24. Qd2 Rcd8 25. Qc2 e5 26. Nf3 b5 27. Nd2 Rc8 28.
Qb1 Bh6 29. Rd1 b4 30. Nd5 Nxd5 31. cxd5 Bxd2 32. Rdxd2 Bb7 33. Bf1 Nc5 34. Re1
Rf8 35. f4 f6 36. Rf2 Qa7 37. Rd2 Rce8 38. fxe5 fxe5 39. Bg2 a5 40. Rf1 Ba6 41.
Re1 Rf7 42. Bc1 Ref8 43. Rdd1 Bb5 44. Be3 Rc8 45. Rd2 Qa6 46. Qd1 Rcc7 47. Rg1
Qc8 48. Qb1 Qb7 49. Rc1 Na6 50. Rxc7 Rxc7 51. Rd1 Nc5 52. Rd2 Kg7 53. Qd1 Qc8
54. Rc2 Nd7 55. Rxc7 Qxc7 56. Qd2 Nf6 57. Bh6+ Kh8 58. Qf2 Ng8 59. Qf8 Qe7 60.
Qb8 Be8 61. Be3 h6 62. Bb6 1-0

[Event "4NCL/Div2/MMNWE2 vs. MIN1"]
[Site "West Bromwich ENG"]
[Date "2004.05.23"]
[Round "11.3"]
[White "Hughes, Howard R"]
[Black "Radovanovic, Jovica"]
[Result "0-1"]
[WhiteElo "2212"]
[BlackElo "2189"]
[PlyCount "130"]
[EventDate "2004.05.23"]

1. e4 c5 2. d4 cxd4 3. c3 dxc3 4. Nxc3 e6 5. Nf3 d6 6. Bc4 Nf6 7. O-O a6 8. Qe2
b5 9. Bb3 Be7 10. Rd1 Qb6 11. Be3 Qb7 12. Rac1 O-O 13. Nd4 Bd7 14. Bg5 Rd8 15.
Rd3 Nc6 16. Rcd1 h6 17. Bh4 Nxd4 18. Rxd4 Bc6 19. Bc2 b4 20. Nb1 e5 21. R4d2 g5
22. Bg3 Bxe4 23. f3 Bxc2 24. Rxc2 Rac8 25. Rdc1 Nh5 26. Qd3 Nxg3 27. hxg3 Rc5
28. Nd2 Rdc8 29. Rxc5 Rxc5 30. Rxc5 Qb6 31. Kh2 Qxc5 32. Qxa6 d5 33. Nb3 Qd6
34. Qd3 Kg7 35. Nd2 h5 36. Kh1 h4 37. g4 Qc5 38. Nf1 Qc4 39. Qxc4 dxc4 40. Ne3
c3 41. bxc3 bxc3 42. Nc2 Bc5 43. Kh2 Bf2 44. Nb4 Kf8 45. a4 Ke8 46. g3 hxg3+
47. Kg2 Kd7 48. a5 Kc8 49. Kh3 Kb7 50. Kg2 Bc5 51. Nd3 Ba3 52. Ne1 Ka6 53. Kxg3
Bc5 54. Kg2 Kxa5 55. Kf1 Kb5 56. Ke2 Kc4 57. Nc2 Kb3 58. Kd3 Kb2 59. Ne1 Bd4
60. Nc2 Kc1 61. Nb4 Kd1 62. Nc2 f6 63. Nb4 Ke1 64. Nd5 Kf2 65. Ke4 Ke2 0-1

[Event "4NCL/Div2/MMNWE2 vs. MIN1"]
[Site "West Bromwich ENG"]
[Date "2004.05.23"]
[Round "11.4"]
[White "Stirling, William J"]
[Black "Spence, David"]
[Result "0-1"]
[WhiteElo "2141"]
[BlackElo "2189"]
[PlyCount "40"]
[EventDate "2004.05.23"]

1. Nf3 d5 2. d4 Nf6 3. c4 c6 4. Nc3 a6 5. c5 Nbd7 6. Bf4 Nh5 7. e3 Nxf4 8. exf4
g6 9. Bd3 Bg7 10. O-O O-O 11. Re1 Re8 12. Rc1 f6 13. Qb3 Bh6 14. g3 e5 15. Nxd5
cxd5 16. Qxd5+ Kh8 17. dxe5 Nxe5 18. Rxe5 fxe5 19. Qxd8 Rxd8 20. Nxe5 Be6 0-1

[Event "4NCL/Div2/MMNWE2 vs. MIN1"]
[Site "West Bromwich ENG"]
[Date "2004.05.23"]
[Round "11.5"]
[White "Hanley, James"]
[Black "Almond, Richard"]
[Result "0-1"]
[WhiteElo "2046"]
[BlackElo "2164"]
[PlyCount "124"]
[EventDate "2004.05.23"]

1. e4 d5 2. exd5 Qxd5 3. Nc3 Qa5 4. d4 c6 5. Bc4 Bf5 6. Bd2 e6 7. Nge2 Qc7 8.
Ng3 Bg6 9. Bb3 Bd6 10. Qe2 Ne7 11. O-O-O Nd7 12. Rhe1 Nf6 13. Nge4 Nxe4 14.
Nxe4 Bxe4 15. Qxe4 O-O-O 16. g3 Nd5 17. c4 Nf6 18. Qe2 c5 19. dxc5 Bxc5 20. Bc3
Qb6 21. f3 Bd4 22. Bxd4 Rxd4 23. Rxd4 Qxd4 24. Rd1 Qb6 25. Qd2 Qc6 26. Qe3 b6
27. Kb1 Rd8 28. Rxd8+ Kxd8 29. Qd3+ Kc7 30. a3 Qc5 31. Ka2 Qf2 32. Qc3 Qc5 33.
Bc2 Qd6 34. b4 Qc6 35. Kb2 Qd6 36. Ba4 Kb7 37. Qe3 Kb8 38. Kc3 Kb7 39. Qd4 Kc7
40. Bb5 e5 41. Qxd6+ Kxd6 42. Kd3 h6 43. g4 e4+ 44. fxe4 Nxg4 45. h4 Ke5 46.
Be8 Nf2+ 47. Ke3 Nxe4 48. Bxf7 Nd6 49. Bd5 Nf5+ 50. Kf3 Nxh4+ 51. Kg4 Nf5 52.
Kh5 Ne3 53. Bf7 Nc2 54. Kg6 Nxa3 55. Kxg7 h5 56. c5 h4 57. cxb6 axb6 58. Be8 h3
59. Kg6 h2 60. Bc6 Kf4 61. Kf6 Nc2 62. Ke6 Nd4+ 0-1

[Event "4NCL/Div2/MMNWE2 vs. MIN1"]
[Site "West Bromwich ENG"]
[Date "2004.05.23"]
[Round "11.7"]
[White "Milligan, Helen"]
[Black "Kelly, Paul J"]
[Result "1/2-1/2"]
[WhiteElo "2086"]
[BlackElo "1744"]
[PlyCount "100"]
[EventDate "2004.05.23"]

1. e4 g6 2. d4 d6 3. Be3 Bg7 4. Nc3 a6 5. a4 b6 6. f4 Bb7 7. e5 e6 8. Nf3 Ne7
9. Be2 Nd7 10. O-O d5 11. b4 c6 12. Qd2 O-O 13. Nd1 b5 14. a5 Qc7 15. Ra3 Rae8
16. g4 Bc8 17. Nf2 f6 18. exf6 Nxf6 19. Ne5 Bd7 20. Qd1 Kh8 21. Bc1 Nfg8 22.
Rh3 Bxe5 23. fxe5 c5 24. Rc3 c4 25. Nh3 Nc6 26. Ng5 Kg7 27. Rcf3 Rxf3 28. Rxf3
Re7 29. Qf1 Be8 30. c3 h6 31. Nh3 g5 32. Nf2 Rf7 33. Nd1 Rxf3 34. Qxf3 Qe7 35.
Bd2 Nd8 36. Ne3 Bg6 37. Nf1 Nf7 38. Ng3 Nh8 39. Qf2 Kh7 40. Be3 Qg7 41. Bd1 Nf7
42. Nf1 Ne7 43. h4 gxh4 44. Qxh4 Nc6 45. Ng3 Kg8 46. Nh5 Bxh5 47. Qxh5 Kf8 48.
Bc2 Ne7 49. Kf2 Ng5 50. Bxg5 Qxg5 1/2-1/2

[Event "4NCL/Div3/SLO2 vs. ATH"]
[Site "West Bromwich ENG"]
[Date "2003.11.22"]
[Round "1.1"]
[White "Richmond, Robert J"]
[Black "Wismayer, Clive R"]
[Result "1-0"]
[WhiteElo "2207"]
[BlackElo "2136"]
[PlyCount "57"]
[EventDate "2003.11.22"]

1. d4 d5 2. c4 c6 3. Nf3 Nf6 4. Nc3 dxc4 5. a4 Na6 6. e3 Bg4 7. Bxc4 e6 8. Qb3
Bxf3 9. gxf3 Nb4 10. Bd2 a5 11. O-O Nh5 12. Ne4 Qh4 13. Bxe6 fxe6 14. Qxe6+ Kd8
15. Nd6 Kc7 16. Bxb4 axb4 17. Nxb7 Qg5+ 18. Kh1 Qf6 19. Qg4 g6 20. Rfc1 Kxb7
21. Qd7+ Kb6 22. a5+ Rxa5 23. Rxa5 Qxf3+ 24. Kg1 Kxa5 25. Qa7+ Kb5 26. Qb7+ Ka4
27. Qa6+ Kb3 28. Qc4+ Kxb2 29. Qc2+ 1-0

[Event "4NCL/Div3/SLO2 vs. ATH"]
[Site "West Bromwich ENG"]
[Date "2003.11.22"]
[Round "1.2"]
[White "Quinn, John M"]
[Black "Williams, Samuel G"]
[Result "1/2-1/2"]
[WhiteElo "2167"]
[BlackElo "2179"]
[PlyCount "129"]
[EventDate "2003.11.22"]

1. d4 d6 2. c4 e5 3. dxe5 dxe5 4. Qxd8+ Kxd8 5. Nc3 c6 6. Bg5+ f6 7. O-O-O+ Kc7
8. Be3 Be6 9. b3 Ba3+ 10. Kb1 Na6 11. Bc1 Bb4 12. Bb2 Ne7 13. e4 Nc5 14. f3 a5
15. Nge2 Rhd8 16. Nc1 a4 17. Be2 Ng6 18. g3 axb3 19. axb3 Bf7 20. Rxd8 Rxd8 21.
Rd1 Nf8 22. Rxd8 Kxd8 23. Kc2 Nfe6 24. N3a2 Be1 25. Nd3 Nxd3 26. Kxd3 Bf2 27.
Bd1 Bg1 28. Nc1 Bxh2 29. Ne2 Bh5 30. Ke3 Ng5 31. f4 exf4+ 32. gxf4 Nh3 33. e5
Ke7 34. Ba3+ Ke8 35. exf6 gxf6 36. Bd6 Kd7 37. Bb8 Ng1 38. b4 Nxe2 39. Bxe2
Bg1+ 40. Kd2 Bxe2 41. Kxe2 Ke6 42. Kf3 Kf5 43. b5 h5 44. bxc6 bxc6 45. Kg3 Be3
46. Bc7 Bd2 47. Bd6 Be1+ 48. Kf3 h4 49. Bc5 Bd2 50. Bf2 Bxf4 51. Bxh4 Bd2 52.
Bg3 Bc3 53. Bc7 Bd4 54. Bg3 Bc5 55. Bf4 Bb4 56. Bg3 Bc3 57. Bc7 Ke6 58. Bg3 Kd7
59. Ke4 Kc8 60. Bf2 Kb7 61. Bc5 Ka6 62. Kd3 Be5 63. Bb4 Kb6 64. Ke4 c5 65. Be1
1/2-1/2

[Event "4NCL/Div3/SLO2 vs. ATH"]
[Site "West Bromwich ENG"]
[Date "2003.11.22"]
[Round "1.3"]
[White "Lutton, J Ezra"]
[Black "Gruettner, Ralf"]
[Result "1-0"]
[WhiteElo "2138"]
[BlackElo "2073"]
[PlyCount "59"]
[EventDate "2003.11.22"]

1. Nc3 Nf6 2. e4 d5 3. d3 dxe4 4. Bg5 Bg4 5. Qd2 e6 6. Qf4 Bh5 7. dxe4 Be7 8.
Qh4 Bg6 9. Bd3 Nbd7 10. O-O-O c6 11. f4 Qa5 12. e5 Ng8 13. Bxg6 fxg6 14. Nf3
Nc5 15. Rd4 Nh6 16. g4 Bxg5 17. Nxg5 O-O 18. Nxh7 Kxh7 19. g5 Rad8 20. Rxd8
Qxd8 21. Rd1 Qe7 22. b4 Kg8 23. bxc5 Qxc5 24. gxh6 Qxc3 25. Rd3 Qa1+ 26. Kd2
Qxa2 27. hxg7 Qa5+ 28. Ke2 Kxg7 29. Rd7+ Rf7 30. Qf6+ 1-0

[Event "4NCL/Div3/SLO2 vs. ATH"]
[Site "West Bromwich ENG"]
[Date "2003.11.22"]
[Round "1.4"]
[White "Stevenson, James A B"]
[Black "Linford, Charles M"]
[Result "0-1"]
[WhiteElo "2113"]
[BlackElo "2179"]
[PlyCount "96"]
[EventDate "2003.11.22"]

1. e4 c5 2. Nf3 e6 3. d4 cxd4 4. Nxd4 Nc6 5. Nb5 d6 6. c4 a6 7. N5c3 Be7 8. Be2
Nf6 9. O-O O-O 10. Na3 Qc7 11. Be3 b6 12. Rc1 Ne5 13. Qb3 Ned7 14. Rfd1 Bb7 15.
f3 Rac8 16. Bf1 Kh8 17. Qc2 Rg8 18. Qd2 Rgd8 19. Qf2 Rg8 20. Qd2 h6 21. Nc2 g5
22. Kh1 Rg6 23. Nd4 Ne5 24. Qf2 Rcg8 25. Nb3 Ned7 26. Bd4 g4 27. Bd3 e5 28. Be3
h5 29. f4 g3 30. Qf3 gxh2 31. Nd5 Bxd5 32. cxd5 Qb7 33. Bf1 Rg3 34. Qe2 Ng4 35.
Rc3 h4 36. Rdc1 Qa8 37. Bf2 exf4 38. Nd4 Bf6 39. Rc7 Nc5 40. Rxf7 Nxe4 41. Rh7+
Kxh7 42. Qxe4+ Kh8 43. Qxf4 Qxd5 44. Nf5 Be5 45. Bd4 Qxd4 46. Qxd4 Bxd4 47.
Nxd4 h3 48. Rc2 Ne3 0-1

[Event "4NCL/Div3/SLO2 vs. ATH"]
[Site "West Bromwich ENG"]
[Date "2003.11.22"]
[Round "1.5"]
[White "Payne, Nick"]
[Black "McKeown, Paul"]
[Result "1/2-1/2"]
[WhiteElo "2088"]
[BlackElo "2050"]
[PlyCount "43"]
[EventDate "2003.11.22"]

1. e4 Nf6 2. e5 Nd5 3. d4 d6 4. Nf3 dxe5 5. Nxe5 c6 6. Nd2 Bf5 7. c3 e6 8. g4
f6 9. gxf5 fxe5 10. Qh5+ Ke7 11. fxe6 Qe8 12. Qg5+ Kxe6 13. Qxe5+ Kf7 14. Nf3
Nd7 15. Ng5+ Kg8 16. Qxe8 Rxe8+ 17. Kd1 Bd6 18. Bh3 N7f6 19. Ne6 Kf7 20. Ng5+
Kg8 21. Ne6 Kf7 22. Ng5+ 1/2-1/2

[Event "4NCL/Div3/SLO2 vs. ATH"]
[Site "West Bromwich ENG"]
[Date "2003.11.22"]
[Round "1.6"]
[White "Pedersen, Carsten"]
[Black "de Coverly, Roger"]
[Result "1-0"]
[WhiteElo "2016"]
[BlackElo "2093"]
[PlyCount "53"]
[EventDate "2003.11.22"]

1. e4 e5 2. Nc3 Nc6 3. Bc4 Nf6 4. d3 Bc5 5. f4 O-O 6. f5 Na5 7. Bg5 c6 8. Nf3
d5 9. Bb3 Re8 10. Qe2 b5 11. g4 b4 12. Bxf6 gxf6 13. Nd1 Nxb3 14. axb3 dxe4 15.
dxe4 a5 16. h4 Kh8 17. Ne3 Ba6 18. Nc4 Bb5 19. g5 Rg8 20. Rd1 Qe7 21. gxf6 Qxf6
22. Ng5 Rxg5 23. hxg5 Qxg5 24. Qh2 Qg7 25. Nxe5 Be7 26. Rd7 Re8 27. Rxe7 1-0

[Event "4NCL/Div3/SLO2 vs. ATH"]
[Site "West Bromwich ENG"]
[Date "2003.11.22"]
[Round "1.7"]
[White "Payne, Oliver R"]
[Black "Gostelow, David W"]
[Result "1/2-1/2"]
[WhiteElo "2033"]
[BlackElo "1976"]
[PlyCount "31"]
[EventDate "2003.11.22"]

1. e4 c5 2. f4 d5 3. e5 Nc6 4. Nf3 Bg4 5. Be2 e6 6. d3 Nge7 7. c3 Nf5 8. O-O
Be7 9. Na3 Qb6 10. Qb3 Bd8 11. Qxb6 Bxb6 12. h3 Ng3 13. hxg4 Nxe2+ 14. Kf2 Nxc1
15. Raxc1 a6 16. Nc2 1/2-1/2

[Event "4NCL/Div3/FCA vs. WGR3"]
[Site "West Bromwich ENG"]
[Date "2003.11.22"]
[Round "1.1"]
[White "Macdonald-Ross, Michael"]
[Black "Pokorna, Regina"]
[Result "1/2-1/2"]
[WhiteElo "2216"]
[BlackElo "2429"]
[PlyCount "103"]
[EventDate "2003.11.22"]

1. d4 Nf6 2. Nf3 e6 3. e3 c5 4. Bd3 d5 5. b3 Bd6 6. O-O O-O 7. Bb2 b6 8. Nbd2
Bb7 9. Ne5 Nc6 10. a3 Rc8 11. f4 Ne7 12. Qf3 Rc7 13. Qh3 Ne4 14. Rad1 cxd4 15.
Bxd4 Nf5 16. Bxe4 dxe4 17. Ndc4 f6 18. g4 Nxd4 19. Rxd4 Bd5 20. Nxd6 Qxd6 21.
Nc4 Qe7 22. a4 Rd8 23. Rfd1 Rcd7 24. Qf1 {=} 24... Qc5 25. b4 Qc7 26. Na3 Qc3
27. Nb5 Qxe3+ 28. Qf2 Qh3 29. Qg3 Qxg3+ 30. hxg3 e5 31. R4d2 a6 32. Nc3 Bc6 33.
Rxd7 Rxd7 34. Rxd7 Bxd7 35. fxe5 fxe5 36. Kf2 Bxg4 37. Ke3 Kf7 38. Nxe4 Ke6 39.
c4 Bd1 40. a5 bxa5 41. bxa5 h5 42. Nc5+ Kd6 43. Nxa6 Bb3 44. Nb4 Bxc4 45. a6
Kc7 46. Ke4 g5 47. Kxe5 h4 48. gxh4 gxh4 49. Kf4 Be2 50. Nd3 Bxd3 51. Kg4 Bxa6
52. Kxh4 1/2-1/2

[Event "4NCL/Div3/FCA vs. WGR3"]
[Site "West Bromwich ENG"]
[Date "2003.11.22"]
[Round "1.2"]
[White "Lee, Graham D"]
[Black "Smith, Graham M"]
[Result "1/2-1/2"]
[WhiteElo "2329"]
[BlackElo "2165"]
[PlyCount "97"]
[EventDate "2003.11.22"]

1. e4 d6 2. d4 Nf6 3. Nc3 g6 4. Be2 Bg7 5. Be3 O-O 6. g4 c5 7. g5 Nfd7 8. h4
Nc6 9. d5 Nb4 10. a3 Na6 11. h5 Nc7 12. a4 e6 13. Nh3 exd5 14. exd5 Re8 15.
hxg6 fxg6 16. a5 Ne5 17. Ra4 Bd7 18. Rh4 h5 19. Bxh5 gxh5 20. Qxh5 Bf5 21. Nf4
Qd7 22. g6 Bg4 23. Qh8+ Bxh8 24. Rxh8+ Kg7 25. R1h7+ Kf6 26. Ne4+ Kf5 27. Ng3+
Kf6 28. Ne4+ Kf5 29. Rxd7 Kxe4 30. Rxe8 Nxe8 31. g7 Nf6 32. Rxb7 Nxd5 33. Nxd5
Kxd5 34. Rxa7 Rg8 35. a6 Bf3 36. Re7 Kc6 37. a7 Bd5 38. Bh6 Nd7 39. b3 Ra8 40.
c4 Bg8 41. f4 d5 42. Kd2 dxc4 43. bxc4 Bxc4 44. f5 Kd6 45. Re4 Bd5 46. Bf4+ Kc6
47. Ra4 {=} 47... Kb6 48. Ra3 Bg8 49. Re3 1/2-1/2

[Event "4NCL/Div3/FCA vs. WGR3"]
[Site "West Bromwich ENG"]
[Date "2003.11.22"]
[Round "1.3"]
[White "Freeman, Richard C P"]
[Black "Maduekwe, Chiedu"]
[Result "0-1"]
[WhiteElo "2139"]
[BlackElo "2127"]
[PlyCount "70"]
[EventDate "2003.11.22"]

1. e4 c6 2. d4 d5 3. e5 Bf5 4. Nf3 e6 5. Be2 c5 6. c3 Nc6 7. O-O Nge7 8. h3 a6
9. Bf4 h6 10. Bh2 Qb6 11. Qd2 Be4 12. dxc5 Qxc5 13. Nd4 Qb6 14. Nxc6 Nxc6 15.
Kh1 Be7 16. f4 O-O 17. Bg1 Qc7 18. Bd3 Bxd3 19. Qxd3 f6 20. exf6 Rxf6 21. g3
Qd7 22. Nd2 e5 23. f5 Rd8 24. Rad1 Qc8 25. Bb6 Nb4 26. Qe3 d4 27. Bxd4 exd4 28.
Qxe7 Nd5 29. Qe5 Ne3 30. Ne4 Qc6 31. cxd4 Nxd1 32. d5 Rxd5 33. Nxf6+ gxf6 34.
Qe6+ Kf8 35. Kh2 Rd2+ 0-1

[Event "4NCL/Div3/FCA vs. WGR3"]
[Site "West Bromwich ENG"]
[Date "2003.11.22"]
[Round "1.4"]
[White "Hasman, Cengiz"]
[Black "Elwin, Adrian G"]
[Result "1-0"]
[WhiteElo "2032"]
[BlackElo "2066"]
[PlyCount "60"]
[EventDate "2003.11.22"]

1. d4 Nf6 2. c4 g6 3. Nc3 Bg7 4. e4 d6 5. Nge2 O-O 6. Ng3 e5 7. d5 Ne8 8. Be2
f5 9. exf5 Bxf5 10. Nce4 h6 11. h4 Nf6 12. Nxf6+ Qxf6 13. Be3 h5 14. Qd2 Nd7
15. O-O-O Rae8 16. Bg5 Qf7 17. Bh6 e4 18. Bxg7 Qxg7 19. Nf1 Nc5 20. Ne3 Bd7 21.
Rdf1 a6 22. g4 hxg4 23. h5 g3 24. fxg3 gxh5 25. Rxf8+ Rxf8 26. Rxh5 Qxg3 27.
Nf1 Qf4 28. Ne3 Be8 29. Rh1 Bg6 30. Rg1 Kh7 {(35 moves - time?)} 1-0

[Event "4NCL/Div3/FCA vs. WGR3"]
[Site "West Bromwich ENG"]
[Date "2003.11.22"]
[Round "1.5"]
[White "Valentine, Brian J"]
[Black "Hillman, Jamie O"]
[Result "1/2-1/2"]
[WhiteElo "2063"]
[BlackElo "2011"]
[PlyCount "83"]
[EventDate "2003.11.22"]

1. e4 c6 2. d4 d5 3. e5 Bf5 4. Nf3 e6 5. Be2 c5 6. O-O Nc6 7. b3 Qb6 8. Be3 Rc8
9. c4 dxc4 10. Na3 Rd8 11. Nxc4 Qc7 12. Qd2 Nh6 13. Rfd1 Ng4 14. Bf4 Nxd4 15.
Nd6+ Bxd6 16. exd6 Nxe2+ 17. Qxe2 Qc8 18. Qb5+ Qc6 19. Qxc6+ bxc6 20. Rac1 Be4
21. Nd2 Bd5 22. f3 Nf6 23. Rxc5 Nh5 24. Be3 Rxd6 25. Nc4 Rd8 26. Ra5 O-O 27.
Rxa7 Nf6 28. a4 Ra8 29. a5 Rxa7 30. Bxa7 Ra8 31. Bb6 Nd7 32. Rd4 Nxb6 33. axb6
Rb8 34. Rd2 g6 35. Ra2 {=} 35... Bxc4 36. bxc4 Rxb6 37. Ra8+ Kg7 38. Rc8 Kf6
39. Rc7 e5 40. Kf2 Ke6 41. g4 h6 42. h4 1/2-1/2

[Event "4NCL/Div3/FCA vs. WGR3"]
[Site "West Bromwich ENG"]
[Date "2003.11.22"]
[Round "1.6"]
[White "Cutmore, David M"]
[Black "Kendall, Paul S W"]
[Result "1-0"]
[WhiteElo "1936"]
[BlackElo "1944"]
[PlyCount "65"]
[EventDate "2003.11.22"]

1. d4 Nf6 2. c4 e6 3. Nc3 Bb4 4. f3 d5 5. a3 Bxc3+ 6. bxc3 c5 7. cxd5 exd5 8.
e3 O-O 9. Bd3 b6 10. Ne2 Re8 11. O-O Ba6 12. Bb1 Nc6 13. Rf2 Rc8 14. Ng3 cxd4
15. cxd4 Na5 16. Bf5 Rc7 17. e4 g6 18. e5 Nd7 19. Bd3 Bc4 20. Be3 Qc8 21. Bc2
Ba6 22. f4 Rc3 23. Bc1 Qc7 24. Bb2 Rc6 25. f5 Nc4 26. Bc1 Rc8 27. e6 fxe6 28.
fxg6 Ne3 29. Qf3 Nf8 30. gxh7+ Nxh7 31. Bxh7+ Qxh7 32. Bxe3 Rc3 33. Qg4+ 1-0

[Event "4NCL/Div3/FCA vs. WGR3"]
[Site "West Bromwich ENG"]
[Date "2003.11.22"]
[Round "1.7"]
[White "Constantinou, Peter"]
[Black "Cutmore, Martin J"]
[Result "1-0"]
[WhiteElo "1808"]
[BlackElo "1928"]
[PlyCount "63"]
[EventDate "2003.11.22"]

1. e4 e6 2. d4 c5 3. d5 exd5 4. exd5 d6 5. Nf3 Nf6 6. c4 Be7 7. Bd3 O-O 8. h3
Re8 9. O-O Nbd7 10. Nc3 a6 11. a4 Nf8 12. Bf4 Ng6 13. Bh2 Bd7 14. Qc2 Bf8 15.
Rfe1 Qa5 16. Ng5 b5 17. axb5 Rxe1+ 18. Rxe1 axb5 19. b3 Qb4 20. Rb1 Rb8 21.
Nge4 Ne8 22. Ng5 Be7 23. Nge4 Ne5 24. Bxe5 dxe5 25. d6 Bf8 26. Nd5 Qa3 27. Qc3
bxc4 28. Bxc4 Ra8 29. Qxe5 Qa2 30. Rf1 Rd8 31. Ne7+ Kh8 32. Ng5 1-0

[Event "4NCL/Div3/FCA vs. WGR3"]
[Site "West Bromwich ENG"]
[Date "2003.11.22"]
[Round "1.8"]
[White "Kikoyo, Ali"]
[Black "Wilcox, Charlotte"]
[Result "1-0"]
[WhiteElo "1768"]
[BlackElo "1552"]
[PlyCount "115"]
[EventDate "2003.11.22"]

1. e4 c6 2. d4 d5 3. exd5 cxd5 4. h3 g6 5. Bd3 Bg7 6. Nf3 Nc6 7. c3 Nh6 8. O-O
O-O 9. Re1 f6 10. c4 Nf7 11. Nc3 Nb4 12. cxd5 Nxd5 13. Bc4 Nb6 14. Bb3 Kh8 15.
Qe2 e5 16. Bxf7 exd4 17. Bxg6 hxg6 18. Rd1 f5 19. Bg5 Qd7 20. Nb5 Qf7 21. Nbxd4
Re8 22. Qd2 Nc4 23. Qc3 Be6 24. b3 Nd6 25. Qd3 Ne4 26. Rac1 Bd7 27. Rc7 Qd5 28.
Nc2 Qxd3 29. Rxd3 Bc6 30. Be3 Nf6 31. Nh4 Nd5 32. Rxd5 Bxd5 33. Nxg6+ Kg8 34.
Ne7+ Rxe7 35. Rxe7 Rc8 36. Bd4 Bf8 37. Re2 Be4 38. Ne1 Rc1 39. f3 Bd3 40. Re3
Bb4 41. Kf2 Bb5 42. a4 Bc6 43. Bxa7 Rb1 44. Nc2 Rb2 45. Re2 Rxb3 46. Nxb4 Rxb4
47. a5 Kg7 48. Kg3 Kg6 49. Rd2 Kg5 50. f4+ Kh5 51. Bc5 Rb3+ 52. Kf2 Kh4 53.
Be7+ Kh5 54. Bg5 Ra3 55. Rd6 Ra2+ 56. Ke3 Ra3+ 57. Kd4 Ra4+ 58. Kc3 1-0

[Event "4NCL/Div3/SCS vs. AD2"]
[Site "West Bromwich ENG"]
[Date "2003.11.22"]
[Round "1.1"]
[White "Dickinson, Timothy R"]
[Black "Graham, David B"]
[Result "0-1"]
[WhiteElo "2177"]
[BlackElo "2237"]
[PlyCount "34"]
[EventDate "2003.11.22"]

1. e4 d6 2. d4 Nf6 3. f3 e5 4. dxe5 dxe5 5. Qxd8+ Kxd8 6. Bc4 Ke8 7. Be3 Nc6 8.
c3 Bd6 9. Ne2 Ke7 10. Ng3 Be6 11. Nf5+ Bxf5 12. exf5 h5 13. Nd2 h4 14. Ne4 Rh5
15. Bg5 Kf8 16. Nxf6 gxf6 17. Bxf6 {=} 17... Rxf5 0-1